000 06439nam a2200481 a 4500
001 dia_7265
003 CHAP
005 20250520094449.0
007 ta
008 220117s2003 mx ado frm 001 0 spa d
010 _a178562
040 _cCHAP
_amxchpua
041 0 _aspa
_beng
090 _aTesis
_bE83
_c2003
100 1 _aEscobar Albavera, Martha Arlén
240 1 0 _aEvaluation of two varieties of wheat of temporary (Triticum aestivum L.) in the base production of pizzas pre-cooked.
_lEspañol
245 1 0 _aEvaluación de dos variedades de trigo de temporal (Triticum aestivum L.) en la elaboración de bases de pizzas precocidas /
_c Martha Arlén Escobar Albavera y Denice Tomás Rodríguez
264 _aChapingo, México :
_bEl autor,
_c2003
300 _aviii, 145 hojas :
_bilustraciones, tablas, gráficas, fotografias
336 _2rdacontent
_atexto
_btxt
337 _2rdamedia
_ano mediado
_bn
338 _2rdacarrier
_avolumen
_bnc
502 _aTesis
_b(Ingeniero Agroindustrial) --
_cUACh. Departamento de Ingeniería Agroindustrial,
_d2003
504 _aBibliografía: hojas 118-122
520 3 _aSe tom6 como objeto de estudio comparar las caracteristicas fisicas y químicas de dos Varicdades de trigo de temporal (Náhuatl-F2000 y Tlaxcala-F2000), además de evaluar las caracteristicas fisicas y sensoriales de bases de pizzas precocidas elaboradas a partir, de estas harinas durante un periodo de tres meses bajo condiciones de congelacibn (-15° C). Dichas bases de pizzas precocidas se hornearon a 200° C durante ocho minutos a partir de tres diferentes tipos de harina (variedades de temporal y una Comercial), envasadas al vacio (9 lb./in3), realizando evaluaciones de pH, cambio de peso y textura en fresco a intervalos de Is dias hasta completar dicho periodo. Los resultados se analizaron estadisticamente (α= 0.05) observándose que no hubo diferencia significativa en cambios de peso; para textura se tuvo que las bases mas suaves fueron aquellas de menor tiempo de almacenamiento y las de textura más rigida, las que tuvieron mayor tiempo de congelación. Una vez más, a intervalos de tiempo, de 15 dias durante este almacenamiento, también se llevó a cabo una evaluación sensorial con 50 consumidores frecuentes de este tipo de producto. Para el parámetro de color, sólo se hicieron determinaciones en las bases de pizzas precocidas al inicio y al final de este periodo de almacenamiento, sin presentarse cambios significativos (a= 0.05), este resultado fue atribuido a la eficiencia del proceso de manufactura y conservación. Con los resultados obtenidos se concluye que las harinas obtenidas de los trigos temporaleros son aptas para la elaboración de pizzas, ya que su contenido de proteína es bueno y presenta características de extensibilidad aptos. Los resultados que se obtuvieron en la evaluación sensorial, muestran que los panelistas no detectaron diferencia estadisticas (α= 0.05) ni sensoriales, en los parámetros de apariencia general, olor y sabor entre las pizzas, por lo que se concluye con una confiabilidad del 95% que la harina obtenida de las variedades temporaleras pueden ser utilizadas para la elaboración de productos no convencionales, como son las bases de pizzas precocidas, siendo este producto apto y aceptado por el consumidor tras haber concluido el período de almacenamiento sin haberse alterado sus características de textura, pH y sabor.
520 3 _aIt takes like aim study to compare the physics and chemist characteristics of two varieties of wheat of temporary (Náhuatl F2000 y Tlaxcala F2000) furthermore to evaluate the physics and sensoriales characteristics of precooked pizza's bases made from these flours during three months of storage under freezing conditions (-15° C). Those pizza's bases were obtained to 200° C during 8 minutes made of three different types of flour (two of them from not irrigated varieties: Náhuatl F2000 and Tlaxcala F2000 and one Commercial), packed at a vacuum of (9 lb/in2), doing evaluation of pH, weight losses and texture in fresh and at intervals of fifteen days until complete the storage period. The results were analyzed statistically (α = 0.05) and was checked that were not changes significantly in weight losses for varieties of wheat of temporary and for the Commercial flour there were changes of weight, for texture the bases softer were those that had fewer time of storage and the most rigid were the bases who stored at freezing conditions for 90 days. Once again, at fifteen days time periods during the storage, also was carried out a sensory evaluation with 51 normally consumers of this product. In the color parameter, were carried out certifications at the beginning and in the end of the analyzed storage time, was found that there were not significative changes (α= 0.05), these results were attributed to the efficiency of the manufacture and conservation process With the results it conclude that the flour obtained of the temporary wheat are suitable for the production of pizzas, its content of protein is good and presents characteristics of extensibility suitable. The results obtained in the sensory evaluation, showed that the panelists did not detect statistical difference (a= 0.05) not sensory in parameter of general appearance, smell and flavor among them, it was concluded with a reliability of 95 % that the flour obtained of the varieties of temporary can be used for the production of non conventional, products like precooked pizza's bases; being these obtained products suitable and acceptable by the consumers when the storage time was fulfilled with not changes in texture characteristics, pH, and flavor.
650 1 3 _aPizza
_xAlimentos precocidos
_2atg
650 1 3 _aProductos horneados
_2atg
650 1 3 _aTrigo
_xVariedades
_2atg
650 1 3 _aPropiedades sensoriales
_2atg
650 1 3 _aBaked goods
_2atg
650 1 3 _aPizza
_xPrecooked foods
_2atg
650 1 3 _aSensory properties
_2atg
650 1 3 _aWheat
_xVarieties
_2atg
700 1 _aTomás Rodríguez, Denice
_eautora
700 1 _aBuendía González, María Ofelia
_edirectora
700 1 _aHernández Montes, Arturo
_easesor
700 1 _aSalazar Zazueta, Alfredo
_easesor
901 _aTESIS E83 2003
902 _aM
905 _a5232272003 mx nm 8223123322spa16
942 _cTESIS
_2Clasificación Universidad Autónoma Chapingo
999 _c178562
_d178562